Southville International School and Colleges
Your cart is empty.
  • Cart
  • Lists
    Public lists Eva Luna New books Lux_list list_1
    Your lists Log in to create your own lists
  • Log in to your account
  • Your cookies
  • Search history
Southville International School and Colleges
  • Advanced search
  • Recent comments
  • Most popular
  • Libraries

Log in to your account

Log in with GOOGLE


If you do not have an external account, but do have a local account, you can still log in:

  1. Home
  2. MARC view: Learn about sounds /
Normal view MARC view ISBD view

Learn about sounds / (Record no. 103972)

[ view plain ]
MARC details
000 -LEADER
fixed length control field 00739nam a2200205 a 4500
005 - DATE AND TIME OF LATEST TRANSACTION
control field 20140412111311.0
008 - FIXED-LENGTH DATA ELEMENTS--GENERAL INFORMATION
fixed length control field 001121s19uu xx 00 eng d
050 ## - LIBRARY OF CONGRESS CALL NUMBER
Classification number TR(GS 030
Item number L41 1991
100 ## - MAIN ENTRY--PERSONAL NAME
Personal name Law, Felicia
245 ## - TITLE STATEMENT
Title Learn about sounds /
Statement of responsibility, etc story by Felicia Law ; illustrations by Steve Smallman, Shirley Tourret.
260 ## - PUBLICATION, DISTRIBUTION, ETC. (IMPRINT)
Place of publication, distribution, etc UK :
Name of publisher, distributor, etc World Book International.
300 ## - PHYSICAL DESCRIPTION
Extent 1 v. (unp.) ; ill.
440 ## - SERIES STATEMENT/ADDED ENTRY--TITLE
Title Early World of Learning-Poldy
500 ## - GENERAL NOTE
General note Poldy
520 ## - SUMMARY, ETC.
Summary, etc Wagtails takes Poldy to his secret place. First, Wagtail covers Poldy's eyes so that Poldy has to 'listen carefully' to the sounds around them.
650 ## - SUBJECT ADDED ENTRY--TOPICAL TERM
Topical term or geographic name as entry element Listening--Fiction
650 ## - SUBJECT ADDED ENTRY--TOPICAL TERM
Topical term or geographic name as entry element Children stories
Holdings
Withdrawn status Lost status Damaged status Home library Current library Shelving location Date acquired Source of acquisition Total Checkouts Full call number Barcode Date last seen Price effective from Koha item type
      Elizalde Library Elizalde Library Teachers Reference Section 04/16/2001     TR(GS 030 L41 1991 E6188 04/12/2014 04/12/2014 Books
      Elizalde Library Elizalde Library Teachers Reference Section 04/20/2005     TR(GS 030 L41 1991 E9720 04/12/2014 04/12/2014 Books

Learn about sounds /

APA

Law F., .Learn about sounds. UK: World Book International.

Chicago

Law Felicia, .Learn about sounds. UK: World Book International.

Harvard

Law F., .Learn about sounds. UK: World Book International.

MLA

Law Felicia, .UK: World Book International. .

  • Place hold
  • Print
  • Cite
  • Add to your cart (remove)
  • Save record
    BIBTEX Dublin Core MARCXML MARC (non-Unicode/MARC-8) MARC (Unicode/UTF-8) MARC (Unicode/UTF-8, Standard) MODS (XML) RIS
  • More searches
    Search for this title in:
    Other Libraries (WorldCat) Other Databases (Google Scholar) Online Stores (Bookfinder.com) Open Library (openlibrary.org)

Exporting to Dublin Core...

SOUTHVILLE LIBRARY

Southville International School and Colleges Library

1281 Tropical Ave. Cor. Luxembourg St., BF Homes International, Las Pinas City

Tel. No. 8256374 / 252358 Loc. 117/146

Powered by Koha